000 00798nam a2200265Ia 4500
003 OSt
005 20220924115333.0
006 a|||||r|||| 00| 0
007 ta
008 220923b |||||||| |||| 00| 0 urd d
020 _a9789381029428 (hbk)
020 _cINR 400.00
024 _a324347
037 _b4917, 24/02/2017, Kitabi Duniya
_cTextual
040 _aARTS
_cARTS
_burd
041 _2urd
_aurd
082 _aO168,1N641:g, Q4
100 _aAnis Nayeem Co.
_9177847
245 0 _aKhawaja Jawed Akhtar
_b khwab aur khwabgar
260 _aDelhi
_bArshia publications India
_c2014
300 _a288p.
_ccm.
650 _aURDU POETRY
942 _hO168,1N641:g, Q4
_cTEXL
_2CC
999 _c397899
_d397899